Seul un vrai fan de Pokémon connais la réponse à ces questions - Statistiques

Statistiques générales
  • Ce quiz a été pris 111 fois
  • Le résultat moyen est 6 sur 10
Statistiques - réponses
Question Réponse % Correct
Quelle est le nom de l’épisode 1 de la première saison de l’anime Pokémon? Le départ
100%
Quel est le nom de l’attaque Z de type combat? Combo Hyper-Furie
80%
Quelle sont les jeux Pokémon officiel qui sont sorti sur mobile? Jcc Pokémon Live, Pokémon Go, Pokémon Unite, Pokémon Master EX et Pokémon Quest
80%
Quelle est le plus vieux jeu Pokémon en 3D? Pokémon Stadium
80%
Quelle Pokémon nécessite de tourner sa 3DS lorsqu’il monte d’un niveau pour qu’il évolue? Sepiatop
80%
Lequel de ces Pokémon ne possède pas de mega évolution? Momartik
60%
Quelle sont les chances de trouver un Pokémon chromatique dans la nature sans charme chroma dans Pokémon or et argent?. 1/8192
40%
Quel est le quatrième Pokémon que Sacha attrape? Bulbizarre
20%
Où trouve t’on la Mewtwoïte dans Pokémon Saphir Alpha? Ligue Pokémon
20%
Dans ce quiz, il y a eu un Pokémon qui a mal été écrit précédemment, lequel? Sucreine
0%
Aucun quiz correspondant
Distribution des résultats
% des personnes avec chaque résultat
Percentile par nombre de réponses
Votre historique - résultats
Vous n’avez pas pris ce quiz